U.S. States Crossed by Route 66 (Map Quiz) - Statistics

General Stats
  • This quiz has been taken 81 times
  • The average score is 8 of 8
Answers on the Map
Answers color-coded by a green-red scale on the quiz's map according to % correct below.
 
Answer Stats
States % Correct
California
100%
New Mexico
98%
Texas
98%
Missouri
97%
Oklahoma
97%
Arizona
95%
Illinois
95%
Kansas
95%
No matching quizzes found
Score Distribution
Percent of People with Each Score
Percentile by Number Answered
Your Score History
You have not taken this quiz